| 000 | 00000nam 2200000zi 4500 |
| 001 | 9.918562 |
| 003 | CaOODSP |
| 005 | 20231212123111 |
| 006 | m o d f |
| 007 | cr cn||||||||| |
| 008 | 221220t20222022onca o f000 0 eng d |
| 020 | |a9780660468020 |
| 040 | |aCaOODSP|beng|erda|cCaOODSP |
| 043 | |an-cn--- |
| 086 | 1 |aD96-97/2022E-PDF |
| 245 | 00|aStudy on online disinformation advertising creative testing : |bfocus group report / |cprepared for the Communications Security Establishment (CSE). |
| 264 | 1|aOttawa, Ontario : |bGovernment of Canada = Gouvernement du Canada, |c2022. |
| 264 | 4|c©2022. |
| 300 | |a1 online resource (58 pages) : |billustrations + |esummary (6 pages) |
| 336 | |atext|btxt|2rdacontent |
| 337 | |acomputer|bc|2rdamedia |
| 338 | |aonline resource|bcr|2rdacarrier |
| 500 | |aIssued also in French under title: Évaluation de concepts publicitaires sur la désinformation en-ligne : rapport des groupes de discussion. |
| 500 | |aIssued by: Communications Security Establishment. |
| 500 | |a"Supplier: Ekos Research Associates Inc." |
| 500 | |a"Contract Number: CW2246079." |
| 500 | |a"Registration Number: POR 073-22." |
| 500 | |a"November 2022." |
| 650 | 0|aDisinformation|zCanada|xPublic opinion. |
| 650 | 0|aAdvertising campaigns|zCanada|xPublic opinion. |
| 650 | 0|aGovernment advertising|zCanada|xPublic opinion. |
| 650 | 0|aPublic opinion|zCanada. |
| 710 | 2 |aCommunications Security Establishment (Canada), |eissuing body. |
| 710 | 2 |aEkos Research Associates, |econsultant. |
| 775 | 08|tÉvaluation de concepts publicitaires sur la désinformation en-ligne : |w(CaOODSP)9.918564 |
| 794 | |tStudy on online disinformation advertising creative testing (2023-2024) : |w(CaOODSP)9.931368 |
| 856 | 40|qPDF|s2.17 MB|uhttps://publications.gc.ca/collections/collection_2023/cstc-csec/D96-97-2022-eng.pdf|zReport |
| 856 | 40|qPDF|s318 KB|uhttps://publications.gc.ca/collections/collection_2023/cstc-csec/D96-97-2022-1-eng.pdf|zSummary |